La Biblia

Salvato in:
Dettagli Bibliografici
Natura: Libro
Lingua:spagnolo
Pubblicazione: Santiago Codex 1963
Soggetti:
Tags: Aggiungi Tag
Nessun Tag, puoi essere il primo ad aggiungerne!!

MARC

LEADER 00000nam a2200000 a 4500
001 UCH5419
003 CL-VaPUC
008 091014e19630000CL |||||||||||||||||spa|d
082 0 4 |a 220  |b BIB  |2 21 
245 1 3 |a La Biblia 
300 |a 5 v 
942 |c BK 
945 |d 20091014 00:00:00  |a lazolas 
260 |a Santiago  |b Codex  |c 1963 
650 0 |a Biblia  |9 257603 
650 0 |a Enseñanza  |9 256457 
650 0 |a Didáctica   |9 369923 
583 |a last modification  |c 20091014 00:00:00  |k Rodrigo Vera 
999 |c 336562  |d 336560